[Event "Chessable Masters Div 1 W"]
[Site "chess.com INT"]
[Date "2023.04.05"]
[Round "3.2"]
[White "Nakamura,Hi"]
[Black "Caruana,F"]
[Result "1/2-1/2"]
[WhiteElo "2775"]
[BlackElo "2764"]

1.e4 e5 2.Nf3 Nc6 3.Bb5 a6 4.Ba4 Nf6 5.d3 d6 6.c4 g6 7.O-O Bg7 8.h3 O-O 9.Nc3 h6
10.Be3 Bd7 11.Re1 Rb8 12.c5 Re8 13.Rc1 dxc5 14.Bxc5 Nh5 15.Nd5 Be6 16.Nb4 Nxb4
17.Bxb4 c6 18.a3 Nf4 19.Re3 a5 20.Bc3 b5 21.Bb3 Bxb3 22.Qxb3 c5 23.Qc2 a4
24.h4 Qd6 25.g3 Ne6 26.h5 Rbc8 27.Qd1 Kh7 28.Nh2 b4 29.Be1 Nd4 30.Rc4 Qd7
31.Kg2 b3 32.Nf3 Nc2 33.Re2 gxh5 34.Nh4 Red8 35.Ba5 Qxd3 36.Qxd3 Rxd3 37.Nf5 Nd4
38.Re3 Rxe3 39.Nxe3 Bf8 40.Bc3 Ra8 41.Nd5 Ra6 42.Bd2 Nb5 43.Be3 Nd6 44.Rxc5 Nxe4
45.Rc8 Kg7 46.Nc7 Nd6 47.Rxf8 Rc6 48.Rd8 Nc4 49.Ne8+ Kg6 50.Bc1 f6 51.Rb8 Kf7
52.Kh3 Nxa3 53.bxa3 Rxc1 54.g4 hxg4+ 55.Kxg4 b2 56.Rxb2 Kxe8 57.Kf5 Rc3 58.Kxf6 Rxa3
59.Kxe5 h5 60.Rb4 Ra1 61.Kf4 a3 62.Ra4 a2 63.Kf3 h4 64.Kg2 h3+ 65.Kh2 Kf7
66.f4 Kf6 67.f5 Kxf5 68.Ra8 Kf6 69.Ra6+ Kf5 70.Ra8 Kf6 71.Ra6+ Kf5 72.Ra8  1/2-1/2

[Event "Chessable Masters Div 1 L"]
[Site "chess.com INT"]
[Date "2023.04.06"]
[Round "4.3"]
[White "Carlsen,M"]
[Black "Nakamura,Hi"]
[Result "0-1"]
[WhiteElo "2853"]
[BlackElo "2775"]

1.c4 Nf6 2.Nc3 e5 3.Nf3 Nc6 4.d4 exd4 5.Nxd4 Bb4 6.g3 O-O 7.Bg2 Re8 8.O-O h6
9.Nd5 Nxd5 10.cxd5 Nxd4 11.Qxd4 Qe7 12.Be3 Bd6 13.Rfd1 b6 14.Qd2 a5 15.Rac1 Rb8
16.Bf4 Ba6 17.e4 Bxf4 18.Qxf4 d6 19.Rc3 Qd8 20.Rdc1 Re7 21.h4 Bb5 22.g4 f6
23.g5 fxg5 24.hxg5 Rf7 25.Qg3 hxg5 26.Bh3 Bd7 27.Rxc7 Bxh3 28.Rxf7 Kxf7 29.Qxh3 Qf6
30.Qh7 Rf8 31.Rc7+ Ke8 32.Rc8+ Ke7 33.Rxf8 Kxf8 34.Qh8+ Kf7 35.Qc8 Qe5 36.Qg4 Kg6
37.Kg2 Kf6 38.a4 Ke7 39.Kf3 g6 40.Ke3 Qf6 41.Kd3 Kd8 42.Qg3 Kc7 43.Kc2 Kb7
44.Kb3 Qd4 45.Qxd6 Qd3+ 46.Ka2 Qc4+ 47.Ka3 Qd3+ 48.b3 Qd4 49.Qc6+ Ka7 50.Qc7+ Ka8
51.Qc1 g4 52.Qe1 Kb7 53.e5 Qxd5 54.e6 Qc5+ 55.Kb2 Qe7 56.Qe4+ Kc7 57.Qe5+ Qd6
58.Qg7+ Kc6 59.Qxg6 Qe5+ 60.Ka2 Qe2+ 61.Ka3 Kd6 62.e7+ Kxe7 63.Qf6+ Kxf6  0-1

[Event "Chessable Masters Div 1 L"]
[Site "chess.com INT"]
[Date "2023.04.06"]
[Round "4.1"]
[White "Nakamura,Hi"]
[Black "Carlsen,M"]
[Result "1/2-1/2"]
[WhiteElo "2775"]
[BlackElo "2853"]

1.e4 c6 2.Nf3 d5 3.d3 dxe4 4.dxe4 Qxd1+ 5.Kxd1 Nf6 6.Nbd2 g6 7.Ne1 Bh6 8.f3 Be6
9.b3 O-O 10.Bb2 Rd8 11.Nd3 c5 12.f4 Nc6 13.g3 c4 14.bxc4 Na5 15.e5 Nd7 16.c5 Rac8
17.Bd4 b6 18.cxb6 Nxb6 19.Bf2 Bf5 20.Bxb6 axb6 21.Rb1 Nc4 22.Nxc4 Rxc4 23.Rxb6 Ra4
24.Be2 e6 25.h4 Bf8 26.Kd2 Bb4+ 27.Kc1 Bc3 28.Kb1 Bxd3 29.cxd3 Bd4 30.Rb3 Bf2
31.d4 Rdxd4 32.Rd1 Rab4 33.Rxd4 Rxb3+ 34.axb3  1/2-1/2

[Event "Chessable Masters Div 1 L"]
[Site "chess.com INT"]
[Date "2023.04.06"]
[Round "4.2"]
[White "Carlsen,M"]
[Black "Nakamura,Hi"]
[Result "1/2-1/2"]
[WhiteElo "2853"]
[BlackElo "2775"]

1.d4 Nf6 2.c4 e6 3.Nc3 Bb4 4.e3 O-O 5.Bd2 c5 6.a3 Bxc3 7.Bxc3 Ne4 8.Ne2 b6
9.d5 Re8 10.h4 exd5 11.Qxd5 Nc6 12.Rd1 Qe7 13.h5 h6 14.Qd3 Bb7 15.Qxd7 Nd4
16.Rxd4 cxd4 17.Qxe7 Rxe7 18.Bxd4 Rc8 19.Nf4 Nd6 20.f3 Nxc4 21.Bxc4 Rxc4
22.Kf2 Rc2+ 23.Kg3 Rd7 24.a4 Rdc7 25.Ra1 Rd7 26.a5 bxa5 27.Rxa5 a6 28.Ra3 Rc8  1/2-1/2

[Event "Chessable Masters Div 1 W"]
[Site "chess.com INT"]
[Date "2023.04.07"]
[Round "4.2"]
[White "Nakamura,Hi"]
[Black "Caruana,F"]
[Result "0-1"]
[WhiteElo "2775"]
[BlackElo "2764"]

1.e4 e5 2.Nf3 Nc6 3.Bb5 a6 4.Ba4 Nf6 5.d3 b5 6.Bb3 Bc5 7.Nc3 O-O 8.Nd5 h6
9.c3 d6 10.Nxf6+ Qxf6 11.Rg1 Be6 12.g4 Bxb3 13.axb3 Qe6 14.Nh4 d5 15.g5 dxe4
16.dxe4 Rad8 17.Qf3 h5 18.Rxa6 Nd4 19.Rxe6 Nxf3+ 20.Nxf3 fxe6 21.Rg3 Ra8
22.Ke2 b4 23.cxb4 Bxb4 24.Bd2 Bc5 25.Bc3 Rf4 26.Bxe5 Rxe4+ 27.Kd3 Rb4 28.Kc3 Rab8
29.Nd2 Bxf2 30.Rd3 R4b5 31.Bg3 Bxg3 32.Rxg3 Kf7 33.h4 Rb4 34.Rh3 Kg6 35.Kc2 Rf4
36.Nc4 Rb5 37.Kc3 e5 38.b4 Kf5 39.Ne3+ Ke6 40.Nc4 Rd5 41.b3 Rdd4 42.b5 Rxh4
43.Re3 Rhe4 44.Rh3 h4 45.Kb4 Rg4 46.Kc5 Rg3 47.Rh1 Rxb3 48.Nxe5  0-1

[Event "Chessable Masters Div 1 W"]
[Site "chess.com INT"]
[Date "2023.04.07"]
[Round "4.4"]
[White "Nakamura,Hi"]
[Black "Caruana,F"]
[Result "1-0"]
[WhiteElo "2775"]
[BlackElo "2764"]

1.e4 c5 2.d4 cxd4 3.c3 dxc3 4.Nxc3 e6 5.Nf3 a6 6.Bf4 Nc6 7.Be2 d6 8.O-O Be7
9.Qb3 e5 10.Be3 Nf6 11.Bb6 Qd7 12.Rfd1 O-O 13.Rac1 h6 14.Nh4 Qe8 15.Ng6 Be6
16.Bc4 fxg6 17.Bxe6+ Kh7 18.Nd5 Bd8 19.Nxf6+ Rxf6 20.Bd5 Rb8 21.Be3 Be7 22.Qa4 Rc8
23.Rc3 g5 24.Rdc1 g4 25.b4 Qg6 26.Bxc6 bxc6 27.Rxc6 Rcf8 28.Qc2 h5 29.Rxa6 h4
30.Ra7 R6f7 31.Qe2 g3 32.f3 gxh2+ 33.Kh1 h3 34.Rcc7 Qe6 35.g3 Kh8 36.Kxh2 d5
37.Rxe7 Rxe7 38.Rxe7 Qxe7 39.Bc5 Qf7 40.Bxf8 Qxf8 41.exd5 Qxb4 42.Qxe5 Qd2+
43.Kxh3 Qd3 44.Qe8+  1-0

[Event "Chessable Masters Div 1 W"]
[Site "chess.com INT"]
[Date "2023.04.07"]
[Round "4.1"]
[White "Caruana,F"]
[Black "Nakamura,Hi"]
[Result "0-1"]
[WhiteElo "2764"]
[BlackElo "2775"]

1.d4 Nf6 2.c4 e6 3.Nc3 Bb4 4.Qc2 O-O 5.a3 Bxc3+ 6.Qxc3 d5 7.cxd5 Ne4 8.Qc2 exd5
9.Bf4 Nc6 10.e3 Bf5 11.Bd3 Re8 12.Nf3 Qf6 13.O-O Nd6 14.Rac1 Bxd3 15.Qxd3 Nc4
16.Bxc7 Rac8 17.Bf4 Qg6 18.Qc3 Qe6 19.b3 Nd6 20.Qd3 Ne4 21.Rc2 Ne7 22.Rfc1 Rxc2
23.Rxc2 Rc8 24.Nd2 g5 25.Bg3 Rc6 26.Nf1 Qf5 27.Rxc6 Nxc6 28.Qd1 Nc3 29.Qd2 Ne4
30.Qb2 h5 31.h4 g4 32.Bf4 Ne7 33.Ng3 Nxg3 34.Bxg3 Qc8 35.Kh2 f5 36.Qe2 Qc6
37.a4 a6 38.Qd3 Kf7 39.Be5 Ke6 40.Bg3 Ng8 41.Qd2 Nf6 42.Qb4 Kf7 43.Qa5 Ke7
44.Bf4 Ne4 45.Bg5+ Ke6 46.Qd8 Qd6+ 47.Qxd6+ Kxd6 48.f3 gxf3 49.gxf3 Nd2 50.Kg3 Nxb3
51.Kf4 Ke6 52.Bd8 b5 53.axb5 axb5 54.Kg5 b4 55.Kxh5 Nxd4 56.Ba5 b3 57.Bc3 Nxf3
58.Bb2 f4 59.Kg4 Ne5+ 60.Kxf4 Nd3+  0-1

[Event "Chessable Masters Div 1 W"]
[Site "chess.com INT"]
[Date "2023.04.07"]
[Round "4.3"]
[White "Caruana,F"]
[Black "Nakamura,Hi"]
[Result "0-1"]
[WhiteElo "2764"]
[BlackElo "2775"]

1.d4 Nf6 2.c4 e6 3.Nc3 Bb4 4.Qc2 O-O 5.a3 Bxc3+ 6.Qxc3 d5 7.cxd5 Ne4 8.Qc2 exd5
9.Bf4 Nc6 10.e3 Re8 11.Nf3 g5 12.Bg3 g4 13.Ne5 Nxe5 14.dxe5 Bf5 15.Bd3 Bg6
16.Bf4 c5 17.O-O c4 18.Bxe4 Bxe4 19.Qe2 Qd7 20.Rfd1 Bd3 21.Qd2 Re6 22.Rac1 Rg6
23.Qc3 Qf5 24.b3 Qe4 25.Rd2 h5 26.Bg3 Re8 27.Rb2 Rh6 28.bxc4 dxc4 29.Bf4 Rg6
30.e6 Rgxe6 31.Rb5 f5 32.Rc5 Rc6 33.Rxc6 Qxc6 34.Qd4 h4 35.h3 gxh3 36.gxh3 Kf7
37.Kh2 Rg8 38.f3 Be2 39.Qe5 Qd7 40.Rc2 Bxf3 41.e4 Bxe4 42.Rd2 Bd3 43.Rf2 Re8
44.Qb2 Be4 45.Rd2 Bd3 46.Rg2 Rg8 47.Rxg8 Kxg8 48.Qf6 Qg7 49.Qd8+ Kf7 50.Qd5+ Kg6
51.Qe6+ Kh7 52.Qe8 Qb2+ 53.Kg1 Qd4+ 54.Be3 Qg7+  0-1

[Event "Chessable Masters Div 1 W"]
[Site "chess.com INT"]
[Date "2023.04.07"]
[Round "5.3"]
[White "Caruana,F"]
[Black "Nakamura,Hi"]
[Result "0-1"]
[WhiteElo "2764"]
[BlackElo "2775"]

1.c4 Nf6 2.Nc3 e5 3.g3 c6 4.d4 exd4 5.Qxd4 d5 6.Bg2 dxc4 7.Qxc4 Be6 8.Qa4 Bc5
9.Nf3 h6 10.O-O O-O 11.Qc2 Nbd7 12.b3 Re8 13.Bb2 Qe7 14.Rad1 Rad8 15.e3 Bg4
16.Rd2 Nf8 17.Rxd8 Rxd8 18.h3 Bc8 19.Ne2 Ba3 20.Bd4 c5 21.Bb2 Bxb2 22.Qxb2 b6
23.a3 Bb7 24.b4 Ne6 25.Rc1 Ne4 26.Nf4 N6g5 27.Nh4 g6 28.Rc2 Rd7 29.Kh2 Kh7
30.Re2 c4 31.Qc2 b5 32.f3 Nd6 33.Nfxg6 fxg6 34.Qxg6+ Kh8 35.Qxh6+ Kg8 36.e4 Qg7
37.Qh5 Re7 38.Rd2 Ngf7 39.Qc5 Qf6 40.Rd4 a6 41.Rd1 Re8 42.Re1 c3 43.Qe3 Nc4
44.Qa7 Qb6 45.Qxb6 Nxb6 46.Nf5 Ne5 47.f4 Nd3 48.Re2 Nc4 49.Nd4 Rd8 50.Nc2 Nc1
51.Re1 Rd2 52.Rxc1 Bxe4 53.Ne1 Ne3 54.Kg1 Nxg2 55.Kf1 Ne3+ 56.Kg1 c2  0-1

[Event "Chessable Masters Div 1 W"]
[Site "chess.com INT"]
[Date "2023.04.07"]
[Round "5.1"]
[White "Caruana,F"]
[Black "Nakamura,Hi"]
[Result "0-1"]
[WhiteElo "2764"]
[BlackElo "2775"]

1.c4 Nf6 2.Nc3 e5 3.Nf3 Nc6 4.e4 Bb4 5.d3 d6 6.a3 Bc5 7.b4 Bb6 8.h3 Nd4 9.Be3 Nxf3+
10.Qxf3 Bxe3 11.Qxe3 O-O 12.g3 c6 13.Bg2 Qb6 14.Qd2 a5 15.b5 cxb5 16.Nxb5 Bd7
17.Nc3 Bc6 18.O-O Nd7 19.Rab1 Qc5 20.Rb3 Rfe8 21.Kh2 Nf8 22.f4 f6 23.f5 Nd7
24.g4 Ra6 25.Ne2 Rb6 26.Rxb6 Qxb6 27.h4 Qc5 28.g5 Qxa3 29.Ng3 Qb4 30.Qe2 Qb6
31.Nh5 Qd8 32.Rg1 Kh8 33.Bf3 Rg8 34.Qd2 a4 35.Bd1 Qe7 36.Qa5 g6 37.fxg6 hxg6
38.Ng3 fxg5 39.h5 g4 40.Kg2 gxh5 41.Nxh5 Rg6 42.Ng3 Qf8 43.Rh1+ Kg8 44.Rh5 Nc5
45.Rf5 Qe7 46.Be2 Ne6 47.Kf2 Nd4 48.Rh5 Bd7 49.Bd1 Kg7 50.Kg2 Kg8 51.Bxa4 Qf8
52.Bd1 Ne6 53.Kg1 Nf4 54.Rh2 Nh3+ 55.Kh1 Rh6 56.Qd2 Qf4 57.Qe1 Nf2+ 58.Kg2 Rxh2+
59.Kxh2 Nxd1  0-1

[Event "Chessable Masters Div 1 W"]
[Site "chess.com INT"]
[Date "2023.04.07"]
[Round "5.2"]
[White "Nakamura,Hi"]
[Black "Caruana,F"]
[Result "0-1"]
[WhiteElo "2775"]
[BlackElo "2764"]

1.e4 c5 2.d4 cxd4 3.c3 dxc3 4.Nxc3 e6 5.Nf3 Nc6 6.Be2 Nge7 7.h4 d6 8.Qb3 h6
9.Be3 Ng6 10.O-O-O Be7 11.h5 Nge5 12.Nxe5 Nxe5 13.f4 Nc6 14.Kb1 O-O 15.e5 d5
16.g4 Bd7 17.Qxb7 Rb8 18.Qa6 Nb4 19.Qxa7 Qc8 20.Qd4 Qb7 21.Qd2 d4 22.Bxd4 Bc6
23.Rh3 Rfd8 24.b3 Be4+ 25.Kb2 Bc2 26.Bf3 Qa6 27.Be2 Qa3+ 28.Ka1 Bxd1  0-1

[Event "PRO League KO 2023"]
[Site "chess.com INT"]
[Date "2023.05.12"]
[Round "1.4"]
[White "Nakamura,Hi"]
[Black "Caruana,F"]
[Result "1/2-1/2"]
[WhiteElo "2775"]
[BlackElo "2764"]

1.e4 c5 2.Nf3 d6 3.Bb5+ Nd7 4.Ba4 Nf6 5.O-O a6 6.c4 e6 7.Nc3 Be7 8.d4 cxd4
9.Nxd4 Qc7 10.Qe2 O-O 11.Be3 Ne5 12.Bb3 Bd7 13.Rac1 Rac8 14.f3 Rfe8 15.Nb1 Qb8
16.Rc2 Bd8 17.Kh1 Ng6 18.Qd2 Bc7 19.Bg1 Rcd8 20.Nc3 b5 21.cxb5 axb5 22.a4 bxa4
23.Bxa4 d5 24.Bxd7 Rxd7 25.Nc6 Qb7 26.exd5 Nxd5 27.Nxd5 Rxd5 28.Qb4 Rb5 29.Qa4 Ra8
30.Qe4 Bd6 31.Bd4 Bf8 32.Rfc1 h6 33.Bc3 Rc8 34.Nd4 Qxe4 35.fxe4 Rb7 36.g3 Be7
37.Nf3 Rd8 38.Kg2 Bb4 39.Bd4 Ne7 40.Rc7 Rb5 41.R1c4 Bd6 42.Ra7 Ng6 43.Bc3 Rdb8
44.Rca4 Ne5 45.Ra8 Rxa8 46.Rxa8+ Kh7 47.Ra5 Rxa5 48.Bxa5 Nd3 49.Bc3 f5 50.exf5 exf5
51.Nd4 f4 52.Ne6 g5 53.gxf4 gxf4 54.Kf3 Kg6 55.Ke4 Nf2+ 56.Kf3 Nd3 57.Ke4 Nf2+
58.Kf3 Nd3  1/2-1/2

[Event "PRO League KO 2023"]
[Site "chess.com INT"]
[Date "2023.05.12"]
[Round "1.1"]
[White "Lee,Alice"]
[Black "Nakamura,Hi"]
[Result "1/2-1/2"]
[WhiteElo "2391"]
[BlackElo "2775"]

1.d4 f5 2.c4 Nf6 3.g3 g6 4.Bg2 Bg7 5.Nf3 d6 6.O-O O-O 7.Nc3 c6 8.d5 e5 9.dxe6 Bxe6
10.b3 Re8 11.Bb2 Na6 12.Ng5 Nc5 13.b4 Ncd7 14.Nxe6 Rxe6 15.Qb3 Kh8 16.Rad1 Qe7
17.e3 Ne4 18.Nxe4 fxe4 19.Bh3 Bxb2 20.Bxe6 Qxe6 21.Qxb2+ Ne5 22.Qd4 Qf5 23.Kg2 Qf3+
24.Kg1 Qf5 25.Kg2 Qf3+ 26.Kg1 Qf5  1/2-1/2

[Event "PRO League KO 2023"]
[Site "chess.com INT"]
[Date "2023.05.12"]
[Round "1.2"]
[White "Nakamura,Hi"]
[Black "Theodorou,Nikolas"]
[Result "1/2-1/2"]
[WhiteElo "2775"]
[BlackElo "2591"]

1.d4 Nf6 2.c4 e6 3.Nc3 Bb4 4.e3 b6 5.Ne2 Ba6 6.a3 Bxc3+ 7.Nxc3 d5 8.b3 O-O
9.Be2 c5 10.dxc5 dxc4 11.Qxd8 Rxd8 12.cxb6 cxb3 13.Rb1 axb6 14.Rxb3 Nbd7
15.Bxa6 Rxa6 16.Ke2 Nc5 17.Rb1 Nfe4 18.Nxe4 Nxe4 19.Rb3 Rc8 20.Bb2 f6 21.f3 Nd6
22.Rc1 Rxc1 23.Bxc1 b5 24.Bd2 Kf7 25.Bb4 Nc4 26.e4 f5 27.Kd3 f4 28.Kd4 Rc6
29.Bc5 Ne3 30.Rxb5 Nxg2 31.Rb7+ Kg8 32.Bb4 g5 33.Ke5 Nh4 34.Bd6 h6 35.Kxe6 Nxf3
36.e5 Ra6 37.Kf6 Nh4 38.Rb2 f3 39.Rd2 g4 40.e6 f2 41.Rxf2 Rxd6 42.Rf4 h5
43.a4 Ra6 44.Rc4 Nf3 45.a5 Nxh2 46.Rc5 g3 47.Rg5+ Kf8 48.Rxg3 Ng4+ 49.Kg6 Rxe6+
50.Kxh5 Nf6+ 51.Kh4 Ra6 52.Ra3 Kf7 53.Kg3 Ke6 54.Kf3 Ke5 55.Ke2 Kd4 56.Rd3+ Kc4
57.Ra3 Nd5 58.Ra4+ Kb3 59.Ra1 Kb2 60.Rh1 Rxa5 61.Kd3 Nb4+ 62.Ke4 Nc2 63.Rh8 Ra7
64.Rb8+ Kc1 65.Rd8 Re7+ 66.Kf4 Nb4 67.Kf5 Kc2 68.Rc8+ Kd3 69.Rc1 Kd4 70.Rd1+ Nd3
71.Ra1 Rf7+ 72.Ke6 Rf2 73.Ra4+ Ke3 74.Ke7 Rh2 75.Kf6 Rh5 76.Ra1 Rb5 77.Ra4 Nf2
78.Ke7 Rb6 79.Kd7 Ne4 80.Kc7 Rh6 81.Rb4 Nc5 82.Rc4 Ne4 83.Ra4 Kf4 84.Ra5 Rg6
85.Ra1 Nc3 86.Re1 Nd5+ 87.Kb7 Rh6 88.Re2 Rb6+ 89.Ka7 Rb3 90.Re8 Nc7 91.Re4+ Kf5
92.Re5+ Kf6 93.Rc5 Ne6 94.Rc6 Ke7 95.Rb6 Ra3+ 96.Ra6 Rc3 97.Kb6 Kd7 98.Ra1 Rb3+
99.Ka5 Kc6 100.Rh1 Nd4 101.Rh6+ Kc5 102.Rh5+ Kc4 103.Ka6 Ne6 104.Ka5 Rb8
105.Rh4+ Kc5 106.Rh5+ Kc6 107.Rh6 Kd5 108.Rh5+ Kc4 109.Rh4+ Nd4 110.Rh5 Nb3+  1/2-1/2

[Event "PRO League KO 2023"]
[Site "chess.com INT"]
[Date "2023.05.12"]
[Round "1.3"]
[White "Bok,B"]
[Black "Nakamura,Hi"]
[Result "1/2-1/2"]
[WhiteElo "2607"]
[BlackElo "2775"]

1.d4 Nf6 2.c4 e6 3.Nc3 Bb4 4.Qc2 O-O 5.a3 Bxc3+ 6.Qxc3 d5 7.Bg5 dxc4 8.Qxc4 b6
9.Rd1 Ba6 10.Qa4 Qd7 11.Qc2 Rc8 12.Bxf6 gxf6 13.Nf3 c5 14.dxc5 Qe7 15.e3 Rxc5
16.Qa4 Bxf1 17.Rxf1 Nc6  1/2-1/2

[Event "PRO League KO 2023"]
[Site "chess.com INT"]
[Date "2023.05.13"]
[Round "2.2"]
[White "Nakamura,Hi"]
[Black "Ghosh,D"]
[Result "1-0"]
[WhiteElo "2775"]
[BlackElo "2565"]

1.Nf3 d5 2.e3 Nf6 3.c4 e6 4.Nc3 b6 5.d4 Bb7 6.cxd5 exd5 7.Bb5+ c6 8.Bd3 Be7
9.a3 O-O 10.b4 a5 11.Rb1 axb4 12.axb4 Nbd7 13.O-O Re8 14.Ne5 Bd6 15.f4 Qe7
16.b5 c5 17.Nc6 Qf8 18.Qf3 cxd4 19.exd4 Ba3 20.Bd2 Qd6 21.f5 Nf8 22.Bf4 Qd7
23.Be5 Be7 24.Rb3 h6 25.Bxf6 Bxf6 26.Nxd5 Bxd4+ 27.Kh1 Ra1 28.Rxa1 Bxa1 29.Rb1 Bd4
30.Bc4 Bf6 31.Nxf6+ gxf6 32.Rd1 Qc7 33.Qh5 Kg7 34.h4 Re4 35.Bd5 Rf4 36.g3 Ra4
37.Kg2 Bxc6 38.bxc6 Qe7 39.Re1 Qc7 40.Qd1 b5 41.Kh3 Qd6 42.Qf3 Rd4 43.Rc1 Qc7
44.Bb3 Rb4 45.Rc3 Rd4 46.Qe3 Rd8 47.Qf4 Qe7 48.Re3 Qc5 49.Qg4+ Kh7 50.Bxf7  1-0

[Event "PRO League KO 2023"]
[Site "chess.com INT"]
[Date "2023.05.13"]
[Round "2.3"]
[White "Adhiban,Baskaran"]
[Black "Nakamura,Hi"]
[Result "1/2-1/2"]
[WhiteElo "2589"]
[BlackElo "2775"]

1.d4 Nf6 2.c4 e6 3.Nf3 Bb4+ 4.Nbd2 c5 5.a3 Bxd2+ 6.Qxd2 b6 7.e3 Bb7 8.b4 cxd4
9.exd4 O-O 10.Bb2 Bxf3 11.gxf3 d5 12.c5 a6 13.Bd3 Nc6 14.Rg1 g6 15.h4 Nh5
16.Rg5 Qf6 17.O-O-O Kh8 18.Qe3 b5 19.Rdg1 Rfb8 20.Rxh5 gxh5 21.Rg5 h6 22.Rxh5 Kg7
23.f4 Ne7 24.Qg3+ Kh8 25.Qg5 Ng8 26.f5 Re8 27.Bc3 Rad8 28.Bd2 Qg7 29.Bf4 f6
30.Qxg7+ Kxg7 31.fxe6 Rxe6 32.Kd2 Rc6 33.Kc3 Re6 34.Kd2 Rc6 35.Bc2 Re6 36.Bf5 Rc6
37.Bc2 Re6 38.f3 Rc6 39.Bd3 Re6 40.Bf5 Rc6 41.Bc2 Re6 42.Bd3 Rc6 43.Bc2 Re6
44.Bd3 Rc6 45.Bc2  1/2-1/2

[Event "PRO League KO 2023"]
[Site "chess.com INT"]
[Date "2023.05.13"]
[Round "2.1"]
[White "Harika,D"]
[Black "Nakamura,Hi"]
[Result "0-1"]
[WhiteElo "2501"]
[BlackElo "2775"]

1.e4 Nf6 2.Nc3 d5 3.e5 Nfd7 4.d4 Nb6 5.f4 h5 6.Nf3 Bf5 7.Nh4 Bg4 8.Be2 e6
9.Nf3 c5 10.O-O Nc6 11.Be3 Bxf3 12.Bxf3 Nc4 13.Bf2 cxd4 14.Ne2 Ne3 15.Bxe3 dxe3
16.c3 Qb6 17.b4 g5 18.fxg5 Nxe5 19.Qd4 Qxd4 20.Nxd4 Rc8 21.Rac1 h4 22.Be2 Rg8
23.Nf3 Nxf3+ 24.Rxf3 Rxg5 25.Rcf1 f5 26.Rxe3 Kf7 27.Rh3 Bg7 28.Rff3 Rg4 29.Kf1 Bf6
30.g3 b6 31.gxh4 Rxh4 32.Rxh4 Bxh4 33.Ba6 Rc7 34.c4 d4 35.Rh3 Bf6 36.Ke2 e5
37.Rh7+ Bg7 38.Rh5 Kg6 39.Rh3 e4 40.Rg3+ Kf6 41.h4 Bh6 42.Rg8 d3+ 43.Kd1 Ke5
44.Rd8 Rg7 45.Rd5+ Kf4 46.Kd2 Rg2+ 47.Kc3 Ke3 48.c5 bxc5 49.bxc5 f4 50.c6 Rc2+
51.Kb3 Rxc6  0-1

[Event "PRO League KO 2023"]
[Site "chess.com INT"]
[Date "2023.05.14"]
[Round "3.3"]
[White "Ju,Wenjun"]
[Black "Nakamura,Hi"]
[Result "0-1"]
[WhiteElo "2550"]
[BlackElo "2775"]

1.d4 Nf6 2.c4 e6 3.Nc3 Bb4 4.e3 O-O 5.Bd3 c5 6.Nf3 d5 7.cxd5 exd5 8.dxc5 Nbd7
9.Bd2 Nxc5 10.Be2 Ne6 11.a3 Bc5 12.Nb5 a6 13.Nbd4 Nxd4 14.Nxd4 Bxd4 15.exd4 Qb6
16.Bb4 Re8 17.O-O Bd7 18.Re1 Ne4 19.f3 a5 20.fxe4 axb4 21.exd5 Re4 22.Qd2 Rae8
23.Bf3 Rxe1+ 24.Rxe1 Rxe1+ 25.Qxe1 bxa3 26.bxa3 Qxd4+ 27.Kh1 Qc5 28.Qa1 Qe3
29.h3 Bxh3 30.Qb2 b6 31.Qb4 Bf5 32.d6 Bd7 33.Qh4 g5 34.Qh6 Qe1+ 35.Kh2 Qe5+
36.Kh1 f6 37.Qh2 Qe1+ 38.Qg1 Qxg1+ 39.Kxg1 f5 40.Kf2 Kf7 41.Ke3 Ke6 42.Kd4 Kxd6
43.Be2 Be8 44.Bd3 Bg6 45.Be2 h5 46.Bb5 h4 47.Bf1 Be8 48.Bd3 Bd7 49.Be2 g4
50.Bf1 Bc6 51.Ke3 Ke5 52.Kf2 f4 53.Bc4 Kd4 54.Be6 g3+ 55.Kg1 Kc3  0-1

[Event "PRO League KO 2023"]
[Site "chess.com INT"]
[Date "2023.05.14"]
[Round "3.1"]
[White "Lou Yiping"]
[Black "Nakamura,Hi"]
[Result "0-1"]
[WhiteElo "2492"]
[BlackElo "2775"]

1.Nf3 d5 2.d4 Nf6 3.c4 e6 4.Nc3 dxc4 5.e3 a6 6.Bxc4 b5 7.Be2 c5 8.O-O Nbd7
9.a3 Bb7 10.dxc5 Bxc5 11.b4 Be7 12.a4 Bxb4 13.Qb3 a5 14.Nxb5 Nc5 15.Qc4 Bd5
16.Qf4 O-O 17.Bb2 Qe7 18.Nfd4 Rad8 19.Rfd1 Rfe8 20.Qe5 Bb7 21.f3 Rd5 22.Qg3 Red8
23.h3 h6 24.Na7 Qd6 25.Qxd6 R5xd6 26.Nab5 R6d7 27.Kf2 e5 28.Nf5 Rxd1 29.Bxd1 Rd2+
30.Kg3 Rxb2 31.Nbd6 Nd5 32.Nc4 Be1+ 33.Kh2 Rb4 34.Nxa5 Ba8 35.Rc1 Nc3 36.Be2 Nxe2
37.Rxc5 g6 38.Rc2 gxf5 39.Rxe2 Rb1  0-1

[Event "PRO League KO 2023"]
[Site "chess.com INT"]
[Date "2023.05.14"]
[Round "3.2"]
[White "Nakamura,Hi"]
[Black "Xu,Yi"]
[Result "1-0"]
[WhiteElo "2775"]
[BlackElo "2527"]

1.e4 e5 2.Nf3 Nf6 3.Nxe5 d6 4.Nd3 Nxe4 5.Qe2 Qe7 6.Nf4 Nc6 7.c3 Nf6 8.d4 Qxe2+
9.Bxe2 g5 10.Nd3 Rg8 11.f3 h5 12.Nf2 Bf5 13.Bd3 Bxd3 14.Nxd3 O-O-O 15.Kf2 h4
16.g4 hxg3+ 17.hxg3 g4 18.Bf4 d5 19.Nd2 Bd6 20.Rae1 Bxf4 21.Nxf4 Rh8 22.fxg4 Nxg4+
23.Kf3 Nh2+ 24.Kg2 Ng4 25.Rxh8 Rxh8 26.Nf3 Nf6 27.Ng5 Nd8 28.Re7 Rf8 29.Re5 Ng4
30.Re2 c6 31.Kf3 Nf6 32.Re5 Kd7 33.b3 Ne8 34.Re1 Rg8 35.Ngh3 Nd6 36.Nf2 Re8
37.Rh1 Ne6 38.Ng4 Ng5+ 39.Kg2 Nge4 40.c4 Rg8 41.Ne5+ Ke7 42.g4 dxc4 43.bxc4 Rg7
44.Re1 f5 45.Kf3 Nd2+ 46.Ke2 N2e4 47.Kf3 Nd2+ 48.Ke3 N2e4 49.c5 Nf7 50.Neg6+ Kf6
51.gxf5 Kxf5 52.Ne7+ Kf6 53.Nh5+ Kxe7 54.Nxg7 Nf6 55.Kd3+ Kd7 56.Rf1 Ke7
57.Nf5+ Ke6 58.Ne3 Ng5 59.Ng2 Nge4 60.Nf4+ Kd7 61.Rg1 b6 62.Rg7+ Kc8 63.Ne6 Kb8
64.Nd8 bxc5 65.Nxc6+ Kc8 66.Nxa7+ Kd8 67.Nc6+ Kc8 68.Rf7 c4+ 69.Ke3 c3 70.Kd3 Nd5
71.Kxe4 c2 72.Rf1 Nc3+ 73.Kd3 Nd1 74.Kd2 Ne3 75.Kxe3  1-0

[Event "PRO League KO 2023"]
[Site "chess.com INT"]
[Date "2023.05.14"]
[Round "3.4"]
[White "Nakamura,Hi"]
[Black "Wei Yi"]
[Result "0-1"]
[WhiteElo "2775"]
[BlackElo "2722"]

1.e4 c5 2.Nf3 d6 3.Bb5+ Nd7 4.Ba4 Nf6 5.O-O e6 6.Re1 a6 7.c3 b5 8.Bc2 c4
9.d4 cxd3 10.Qxd3 Bb7 11.a4 Nc5 12.Qe2 bxa4 13.Be3 Nfd7 14.Nbd2 Be7 15.Bxa4 Nxa4
16.Rxa4 O-O 17.Rea1 a5 18.Qb5 Qc7 19.Rxa5 Bc6 20.Qb4 d5 21.Qxe7 Rxa5 22.Rxa5 Qxa5
23.Nd4 Qa1+ 24.Nf1 Bb7 25.Qxd7 Ba6 26.h3 dxe4 27.Kh2 Qxf1 28.Nxe6 Bc8 29.Nxf8 Bxd7
30.Nxd7 f5 31.b4 f4 32.Bd4 e3 33.fxe3 fxe3 34.Bxe3 Qf5 35.b5 Qxd7 36.b6 Qd6+
37.Kg1 Kf7 38.Bd4 Qd5 39.Kf2 g5 40.g4 Qe4 41.Kg3 Ke6 42.Kf2 Kd5 43.Kg3 Kc4  0-1

[Event "11th Norway Blitz 2023"]
[Site "Stavanger NOR"]
[Date "2023.05.29"]
[Round "1.2"]
[White "So,W"]
[Black "Nakamura,Hi"]
[Result "1/2-1/2"]
[WhiteElo "2760"]
[BlackElo "2775"]

1.d4 Nf6 2.c4 e6 3.Nf3 Bb4+ 4.Nbd2 O-O 5.a3 Be7 6.e4 d6 7.Be2 Nc6 8.O-O e5
9.d5 Nb8 10.b4 c6 11.Bb2 Bg4 12.Rc1 a5 13.dxc6 bxc6 14.c5 axb4 15.axb4 Nbd7
16.cxd6 Bxd6 17.Nc4 Bxb4 18.Ncxe5 Nxe5 19.Nxe5 Qxd1 20.Bxd1 Bxd1 21.Rfxd1 Ra2
22.Nd3 Ba3 23.Bxf6 gxf6 24.Rxc6 Rd8 25.Kf1 Rd4 26.f3 Bd6 27.Nb2 Rxd1+ 28.Nxd1 Bxh2
29.Ne3 h5 30.Rxf6 Bg3 31.Nf5 h4 32.Nxg3 hxg3 33.Rf5 Ra1+ 34.Ke2 Ra2+ 35.Ke3 Rxg2
36.Rg5+ Kf8 37.Kf4 Ra2 38.Rxg3 f6 39.Rh3 Kg7 40.Rh5 Ra3 41.Rb5 Rc3 42.Kg4 Re3
43.Rb6 Kf7 44.Rb4 Kg6 45.Rc4 Re1 46.Rc6 Re3 47.Kf4 Re1 48.Re6 Ra1 49.e5 Ra4+
50.Kg3 Kf5 51.Rxf6+ Kxe5 52.Rf8 Ke6 53.Rf4 Rxf4 54.Kxf4 Kf6  1/2-1/2

[Event "11th Norway Blitz 2023"]
[Site "Stavanger NOR"]
[Date "2023.05.29"]
[Round "2.2"]
[White "Nakamura,Hi"]
[Black "Abdusattorov,Nodirbek"]
[Result "1-0"]
[WhiteElo "2775"]
[BlackElo "2731"]

1.d4 d5 2.Nf3 Nf6 3.Bg5 Ne4 4.Bf4 c5 5.e3 Nc6 6.Nbd2 Bg4 7.Be2 Nxd2 8.Qxd2 e6
9.O-O Bxf3 10.Bxf3 cxd4 11.exd4 Bd6 12.c4 O-O 13.cxd5 exd5 14.Be3 Qd7 15.Rac1 Rfe8
16.Qd3 Rad8 17.g3 Bf8 18.h4 g6 19.h5 Nb4 20.Qb1 Qh3 21.Rc3 Nc6 22.Qd1 Qf5
23.Kg2 Bg7 24.Rc5 Qf6 25.hxg6 hxg6 26.Rxd5 Rxd5 27.Bxd5 Nxd4 28.Qa4 Re7 29.Qxa7 Qe5
30.Qa8+ Re8 31.Qxb7 Re7 32.Qc8+ Re8 33.Qc4 Rf8 34.Bf4 Qe7 35.Rd1 Nf5 36.Be4 Bxb2
37.Bxf5 gxf5 38.Rd5 Qe4+ 39.Qxe4 fxe4 40.Rb5 Bg7 41.a4 Ra8 42.Rb8+ Rxb8 43.Bxb8 Bc3
44.Bc7 Kf8 45.a5  1-0

[Event "11th Norway Blitz 2023"]
[Site "Stavanger NOR"]
[Date "2023.05.29"]
[Round "3.2"]
[White "Firouzja,Alireza"]
[Black "Nakamura,Hi"]
[Result "1/2-1/2"]
[WhiteElo "2785"]
[BlackElo "2775"]

1.e4 e5 2.Nf3 Nc6 3.Bb5 Nf6 4.d3 Bc5 5.c3 O-O 6.O-O d5 7.Nbd2 dxe4 8.dxe4 a5
9.Qc2 Qe7 10.a4 Nb8 11.Re1 h6 12.Nf1 c6 13.Bc4 Ng4 14.Re2 Be6 15.Bxe6 Qxe6
16.Ng3 Rd8 17.h3 Nf6 18.Nf5 Bf8 19.Be3 Nbd7 20.g4 Nc5 21.Ng3 Qb3 22.Nxe5 Qxc2
23.Rxc2 Ncxe4  1/2-1/2

[Event "11th Norway Blitz 2023"]
[Site "Stavanger NOR"]
[Date "2023.05.29"]
[Round "4.2"]
[White "Nakamura,Hi"]
[Black "Caruana,F"]
[Result "0-1"]
[WhiteElo "2775"]
[BlackElo "2764"]

1.d4 Nf6 2.Bg5 d5 3.Nf3 Ne4 4.Bf4 Bf5 5.e3 e6 6.Bd3 Bd6 7.Bxd6 cxd6 8.O-O O-O
9.c4 dxc4 10.Bxc4 d5 11.Bd3 Nc6 12.Bxe4 Bxe4 13.Nc3 Bg6 14.Rc1 Rc8 15.Qe2 Bh5
16.h3 Qd6 17.Rfd1 h6 18.Nb1 Rc7 19.Nbd2 Rfc8 20.Qf1 Na5 21.Rxc7 Qxc7 22.Qb5 b6
23.Re1 Qb7 24.Ne5 f6 25.Nd3 Be8 26.Qb4 Nc4 27.Nxc4 dxc4 28.Nf4 Bf7 29.a4 Qc6
30.Ne2 Bg6 31.Rc1 a6 32.Nf4 Bf5 33.Qc3 Qd6 34.b3 b5 35.axb5 axb5 36.Qa5 Qd7
37.bxc4 bxc4 38.Ne2 Bd3 39.Nf4 Be4 40.f3 Bh7 41.Qb4 e5 42.Ne2 Bd3 43.Kf2 exd4
44.Nxd4 Kh7 45.Qb5 Qa7 46.Kg1 Rb8 47.Qd5 Qe7 48.Re1  0-1